| 000 | 01201nam0a22002531 4500 | ||
|---|---|---|---|
| 001 | rc\1016957 | ||
| 005 | 20250622080525.0 | ||
| 035 | _a(NLR Aleph) 006182016 | ||
| 090 |
_a6075701 _c6075701 |
||
| 100 | _a20041129d1981 |||y0rusy50 ca | ||
| 101 | 0 | _arus | |
| 102 | _aRU | ||
| 105 | _aa ||||||||| | ||
| 200 | 1 |
_aМетодика теплогидравлического расчета коротких трубопроводов в неустойчивой зоне перекачки при стационарном режиме _fМ-во высш. и сред. спец. образования РСФСР, Госкомнефтепродукт РСФСР, Отрасл. лаб. трубопровод. транспорта при Уфим. нефт. ин-те _g[Выполн. Муфтаховым Е.М.] |
|
| 210 |
_aУфа _cУНИ _d1981 |
||
| 215 |
_a35 с. _cграф. _d20 |
||
| 320 | _aБиблиогр.: с. 34 | ||
| 702 | 1 |
_aМуфтахов _bЕ.М. _4570 |
|
| 712 | 0 | 1 |
_aРСФСР _bМ-во высшего и среднего специального образования |
| 801 | 0 |
_aRU _bNLR _gpsbo |
|
| 801 | 1 |
_aRU _bELAR _2rusmarc |
|
| 852 |
_aNLR _j81-4/11486 |
||
| 942 | _cBOOK | ||
| 980 | _aNB | ||